| 000 | 00848cam a2200277 a 4500 | ||
|---|---|---|---|
| 999 |
_c5641 _d5641 |
||
| 001 | 1441041 | ||
| 003 | GZU | ||
| 005 | 20210412122154.0 | ||
| 008 | 850320s1983 rh b 001 0 eng | ||
| 010 | _a 84981054 | ||
| 020 | _a0869222473 | ||
| 040 |
_aDLC _cDLC _dDLC |
||
| 043 | _af-rh--- | ||
| 050 | 0 | 0 |
_aPL8681 _b.P66 1983 |
| 100 | 1 | _aPongweni, Alec J. C. | |
| 245 | 1 | 0 |
_aWhat's in a name? : _ba study of Shona nomenclature / _cAlec J.C. Pongweni. |
| 260 |
_aGweru [Zimbabwe] : _bMambo Press, _c1983. |
||
| 300 |
_a98 p. ; _c22 cm. |
||
| 500 | _aIncludes index. | ||
| 504 | _aBibliography: p. 94. | ||
| 650 | 0 | _aNames, Shona. | |
| 650 | 0 |
_aShona (African people) _xSocial life and customs. |
|
| 650 | 0 |
_aShona language _xEtymology _xNames. |
|
| 906 |
_a7 _bcbc _corignew _d3 _encip _f19 _gy-gencatlg |
||
| 942 |
_2lcc _cBK _h8681.9 _iPON _kPL _m1993 |
||